Statystyki dla Region do kraju #6

Kliknij tutaj aby rozwiązać quiz!

Ogólne statystyki

  • Ten quiz został rozwiązany 53 razy
  • Średni wynik to 12 z 19

Statystyki odpowiedzi

RegionKraj% Poprawnych
SyberiaRosja
100%
Mongolia WewnętrznaChiny
94%
LuizjanaStany Zjednoczone
92%
Dolna SaksoniaNiemcy
90%
Wyspy OwczeDania
90%
AmazonasBrazylia
88%
SuezEgipt
86%
Kastylia-La ManchaHiszpania
86%
Kraj południowomorawskiCzechy
78%
Wyspa ManWielka Brytania
71%
GudźaratIndie
65%
Wyspa PółnocnaNowa Zelandia
55%
ZelandiaDania
51%
MajottaFrancja
49%
ManitobaKanada
39%
KeralaIndie
27%
LimpopoRepublika
Południowej Afryki
25%
SinaloaMeksyk
24%
MoliseWłochy
16%

Rozkład punktacji

Percentyl według liczby udzielonych odpowiedzi

Procent ludzi z każdym wynikiem

Twoja historia wyników

Nie rozwiązałeś tego quizu